| 000 | 00610nam a22001817a 4500 | ||
|---|---|---|---|
| 005 | 20251108165248.0 | ||
| 008 | 250721s1989 xx 000 0 ara d | ||
| 082 | 1 | 4 | _a629.4/بلو |
| 100 | 1 | _aبلونشتين، لارى | |
| 245 | 1 | 0 |
_aالأقمار الصناعية للإتصالات : _bتقنية الإتصالات عبر الفضاء / |
| 264 | 1 |
_aبيروت : _bالدار العربية للعلوم، _c1989. |
|
| 300 | _a183ص | ||
| 650 | 1 | 7 | _aالفضاء |
| 650 | 1 | 7 | _aالأقمار الصناعية |
| 700 | 1 |
_aأبو سعد، عماد _eترجمة |
|
| 942 |
_2ddc _cBK |
||
| 999 |
_c23547 _d23547 |
||